Normal view MARC view
  • Literatura

Entry Materia

Number of records used in: 21

001 - NÚMERO DE CONTROL DEL REGISTRO

  • campo de control: 8046

003 - IDENTIFICADOR DE NUMERO DE CONTROL

  • campo de control: UPN

005 - FECHA Y HORA DE LA ÚLTIMA TRANSACCIÓN

  • campo de control: 20220729091859.0

008 - DATOS DE LONGITUD FIJA

  • campo de control de longitud fija: nabaccnnaabn|||||||||| b |nc|||||d

035 ## - NÚMERO DE CONTROL DEL SISTEMA

  • Número de control del sistema: UPN10000008051

040 ## - FUENTE DE LA CATALOGACIÓN

  • Lengua de catalogación: spa
  • Agencia de transcripción: MX-MxUPN
  • Centro catalogador de origen: MX-MxUPN

046 ## - FECHAS CON CODIFICACIÓN ESPECIAL

  • Fecha final para contenidos agregados: 220729

150 ## - ENCABEZAMIENTO - TEMÁTICO

  • Término de materia o nombre geográfico como elemento inicial: Literatura
  • Subdivisión de materia general: Filosofía

450 ## - VÉASE - MATERIA

  • Encabezamiento temático: Literatura -
  • Subdivisión temática general: Teoría

450 ## - VÉASE - MATERIA

  • Encabezamiento temático: LITERATURA-
  • Subdivisión temática general: FILOSOFIA

670 ## - FUENTE EN LA QUE SE LOCALIZARON DATOS

  • Cita de la fuente: E

680 ## - NOTA GENERAL CON DESPLIEGUE PÚBLICO

  • Texto explicativo: Aquí se asientan los trabajos que tratan sobre la teoría de la literatura, inluyendo sus propósitos, ideales, significado, su relación con la filosofía, etc.

902 ## - CATALOGADOR

  • Catalogador: CAA/260896